SAT Words HARD Click Quiz - W - Statistics

General Stats
  • This quiz has been taken 268 times
  • The average score is 8 of 15
Answer Stats
Hint Answer % Correct
Unexpected benefit or monetary gain Windfall
77%
Travel, journey Wayfare
76%
Acting without restraint Wanton
73%
Carry out vengeance or retribution Wreak
72%
One’s views and beliefs of the world; worldview Weltanschauung
71%
Waving motion; the gesture of waving Wafture
60%
Out of order; tussled or jumbled Wopsy
56%
Trickery, deception Wile
55%
Enthusiastic heavy drinking; revelry Wassail
49%
Framework made of interwoven branches Wattle
44%
Upland area of rolling hills Wold
41%
A young, insignificant person Whiffet
38%
Prosperity, healthiness, well-being Weal
35%
Bugle call to attack Warison
31%
Small vertical shaft in a mine Winze
22%
No matching quizzes found
Score Distribution
Percent of People with Each Score
Percentile by Number Answered
Your Score History
You have not taken this quiz